| 000 | 00680cam a22001935a 4500 | ||
|---|---|---|---|
| 001 | L142373 | ||
| 008 | 080211s1971 xxka f 000 0 eng d | ||
| 035 | _a(Sirsi) u142373 | ||
| 041 | 0 | _aeng | |
| 050 | 0 | 4 | _a920 $2 18 |
| 110 | 2 |
_aJones Lang Wootton _92909 |
|
| 245 | 0 | 0 | _aProgress in property |
| 260 |
_a[London] _bJones, Land, Wootton _c1971 |
||
| 300 |
_a96p. _bill., some col. _c29cm. |
||
| 520 | _aProduced for distribution to clients only, this publication sets out the services offered by Jones, Lang, Wootton, and describes recent projects undertaken by the firm. | ||
| 651 | 4 |
_aUnited Kingdom _y |
|
| 690 | _aABOUT RICS-RICS MEMBERS-CHARTERED SURVEYORS | ||
| 942 | _n0 | ||
| 999 |
_c107870 _d107870 |
||